000 00443nam a2200145Ia 4500
003 OSt
005 20260129112517.0
008 211028s2018 xx 000 0 und d
040 _cAIMIT LIBRARY
041 _aeng
100 _aKamath, Krithika K; P V Sumitha.
_g1616088
_97844
245 _aStudy on factors affecting attrition at M/S Bharath minerals and trading corporation /
260 _aMangalore
_bP V Sumitha.
_c2018
942 _2ddc
_cPRO
999 _c219412
_d219412